The ancient Science of Mantras: (Record no. 165069)

MARC details
000 -LEADER
fixed length control field 00638nam a22001817a 4500
005 - DATE AND TIME OF LATEST TRANSACTION
control field 20190606105716.0
010 ## - LCCN (DPL NO)
LC control number ENG-125482
020 ## - INTERNATIONAL STANDARD BOOK NUMBER
International Standard Book Number 9789386348715
Terms of availability 450.00
035 ## - SYSTEM CONTROL NUMBER
System control number EN-109014
037 ## - SOURCE OF ACQUISITION
Source of stock number/acquisition DBAD/PUB
082 ## - DEWEY DECIMAL CLASSIFICATION NUMBER
Classification number 230.45
100 ## - MAIN ENTRY--PERSONAL NAME
Personal name Om Swami
245 ## - TITLE STATEMENT
Title The ancient Science of Mantras:
Statement of responsibility, etc by Om Swami
Remainder of title wisdom of the sages realize ypur dreams achieve your goals/
260 ## - PUBLICATION, DISTRIBUTION, ETC. (IMPRINT)
Place of publication, distribution, etc Mumbai,
Name of publisher, distributor, etc Jaico Publishing House
Date of publication, distribution, etc 2018
270 ## - ADDRESS
Address A-2 Jash Chambers, 7-A Sir PhirozshahMehta Raod Fort,
City Mumbai
Postal code 400001
Electronic mail address jaicopub@jaicobooks.com
300 ## - PHYSICAL DESCRIPTION
Extent xvi,472p.
Dimensions 22cm(pbk)
Other physical details ill.
942 ## - ADDED ENTRY ELEMENTS (KOHA)
Source of classification or shelving scheme Dewey Decimal Classification
Item type English Books
Classification part 230.45
Call number suffix SWA
Holdings
Withdrawn status Lost status Not for loan Collection code Home library Current library Date acquired Source of acquisition Cost, normal purchase price Full call number Barcode Copy number Cost, replacement price Koha item type
      Non-fiction Andrews Gunj Andrews Gunj 06/06/2019 DBAD/PUB 450.00 230.45 SWA EN-109014 1 450.00 English Books

© Delhi Public Library
Hit Counter
free hit counter